<?xml version="1.0" encoding="UTF-8"?>
<record
    xmlns:xsi="http://www.w3.org/2001/XMLSchema-instance"
    xsi:schemaLocation="http://www.loc.gov/MARC21/slim http://www.loc.gov/standards/marcxml/schema/MARC21slim.xsd"
    xmlns="http://www.loc.gov/MARC21/slim">

  <leader>00758nam a22002177a 4500</leader>
  <controlfield tag="003">0</controlfield>
  <controlfield tag="005">20160609165116.0</controlfield>
  <controlfield tag="008">091019t        xxu||||| |||| 00| 0 eng d</controlfield>
  <datafield tag="040" ind1=" " ind2=" ">
    <subfield code="a">BUAC</subfield>
    <subfield code="b">FR</subfield>
    <subfield code="c">BAC</subfield>
  </datafield>
  <datafield tag="041" ind1=" " ind2=" ">
    <subfield code="a">FR</subfield>
  </datafield>
  <datafield tag="082" ind1=" " ind2=" ">
    <subfield code="a">303.3 ROS</subfield>
  </datafield>
  <datafield tag="100" ind1=" " ind2=" ">
    <subfield code="a">Stern-Larosa, Caryl</subfield>
    <subfield code="9">1443</subfield>
  </datafield>
  <datafield tag="245" ind1=" " ind2=" ">
    <subfield code="a">Halte &#xE0; la haine</subfield>
    <subfield code="b">Comment les enfants apprennent et d&#xE9;sapprennent les pr&#xE9;jug&#xE9;s</subfield>
  </datafield>
  <datafield tag="260" ind1=" " ind2=" ">
    <subfield code="a">Paris</subfield>
    <subfield code="b">Nouveaux Horizons</subfield>
    <subfield code="c">2004</subfield>
  </datafield>
  <datafield tag="300" ind1=" " ind2=" ">
    <subfield code="a">189</subfield>
    <subfield code="b">Couv.ill. en coul.</subfield>
    <subfield code="c">24cm.</subfield>
  </datafield>
  <datafield tag="500" ind1=" " ind2=" ">
    <subfield code="a">Titre original: The Anti-Defamation League's Hate Hurts: How Children Learn and Unlearn Prejudice.</subfield>
  </datafield>
  <datafield tag="600" ind1=" " ind2=" ">
    <subfield code="a">Bettmann, Ellen Hofheimer</subfield>
    <subfield code="9">1444</subfield>
  </datafield>
  <datafield tag="650" ind1=" " ind2=" ">
    <subfield code="a">Haine</subfield>
    <subfield code="b">Pr&#xE9;jug&#xE9;s</subfield>
    <subfield code="9">1445</subfield>
  </datafield>
  <datafield tag="700" ind1=" " ind2=" ">
    <subfield code="a">Trad. de l'am&#xE9;ricain par Marie-France Pavillet</subfield>
    <subfield code="9">1446</subfield>
  </datafield>
  <datafield tag="942" ind1=" " ind2=" ">
    <subfield code="c">LIVR</subfield>
  </datafield>
  <datafield tag="999" ind1=" " ind2=" ">
    <subfield code="c">46387</subfield>
    <subfield code="d">46387</subfield>
  </datafield>
  <datafield tag="952" ind1=" " ind2=" ">
    <subfield code="0">0</subfield>
    <subfield code="1">0</subfield>
    <subfield code="4">0</subfield>
    <subfield code="7">0</subfield>
    <subfield code="a">BAC</subfield>
    <subfield code="b">BAC</subfield>
    <subfield code="d">2009-10-19</subfield>
    <subfield code="e">Don CCA</subfield>
    <subfield code="l">0</subfield>
    <subfield code="o">303.3 ROS</subfield>
    <subfield code="p">00162BAC</subfield>
    <subfield code="r">2009-10-19 00:00:00</subfield>
    <subfield code="t">1</subfield>
    <subfield code="w">2009-10-19</subfield>
    <subfield code="y">LIVR</subfield>
  </datafield>
</record>
